| 000 | 01862cam a22004934i 4500 | ||
|---|---|---|---|
| 003 | PE-LiUPU | ||
| 005 | 20250731173006.0 | ||
| 008 | 150623s1998 miu r 000 0 eng d | ||
| 020 | _a0801058023 | ||
| 035 | _a(Sirsi) i9780801058028 | ||
| 040 |
_aPE-LiUPU _bspa _cPE-LiUPU _erda |
||
| 049 | _aPRUA | ||
| 082 | 0 | 4 |
_a261.8362 _bD65 _221 |
| 100 | 1 |
_aDeWitt, Calvin B., _eautor. |
|
| 245 | 1 | 0 |
_aCaring for Creation: responsible stewardship of God's handiwork / _cCalvin B. DeWitt ; Con respuestas de Richard A. Baer, Jr., Thomas Sieger Derr, Vernon J. Ehlers ; editado por James W. Skillen y Luis E. Lugo. |
| 264 | 1 |
_aGrand Rapids, Michigan : _bBaker Books, _c1998. |
|
| 300 |
_a104 páginas ; _c22 centímetros |
||
| 336 |
_atext _2rdacontent |
||
| 337 |
_aunmediated _2rdamedia |
||
| 338 |
_avolume _2rdacarrier |
||
| 504 | _aIncluye bibliografía. | ||
| 505 | 0 | _aA Perplexing Puzzle in the Context of Geo-Crisis.-Religion and the environment -- The Three Big Questions -- Can We Afford to Keep the Lord`s Behemoth?. | |
| 526 | _aSEG42 | ||
| 526 | _aSEG41 | ||
| 526 | _aSEG40 | ||
| 526 | _aSEG39 | ||
| 526 | _aP94 | ||
| 526 | _aP87 | ||
| 526 | _aP86 | ||
| 526 | _aP85 | ||
| 526 | _aP77 | ||
| 526 | _aP76 | ||
| 526 | _aP35 | ||
| 650 | 0 | 4 |
_aEcología humana _xCristianismo. |
| 700 | 1 |
_aBaer, Richard A., _eed. |
|
| 700 | 1 |
_aEhlers, Vernon J., _eed. |
|
| 700 | 1 |
_aSieger, Thomas, _eed. |
|
| 942 |
_2ddc _cBOOK |
||
| 949 |
_a261.8362 D65 _wDEWEY _c1 _i45697 _lCCODEBUL1 _mBUL _r0 _sY _tBOOK _u2015-6-24 _xTEOLOGIA _PP35 _0COMPRA _o.STAFF. Colección Teología |
||
| 994 |
_aC0 _bPEPRU |
||
| 596 | _a1 | ||
| 999 |
_a261.8362 D65 _wDEWEY _c22575 _i45697 _d22575 _f2021-11-10 _g5 _lCCODEBUL1 _mBUL _p20.00 _q5 _r0 _sY _tBOOK _u2015-6-24 _xTEOLOGIA _PP35 _0COMPRA _o.STAFF. Colección Teología |
||
| 980 |
_81 _gALBERTO SANCHEZ Responsable de Automatización |
||